[Event "30ème Open  d'Avoine"]
[Site "Avoine"]
[Date "2015.07.18"]
[Round "2.1"]
[White "Fedorchuk, Sergey A"]
[Black "Frick, Christoph"]
[Result "1-0"]
[WhiteElo "2664"]
[BlackElo "2217"]
[PlyCount "51"]
[EventDate "2015.??.??"]
[WhiteTeam "C-E BOIS-COLOMBES"]
[BlackTeam "C.E. STRASBOURG"]

1. e4 c6 2. d3 d5 3. Nd2 e5 4. Ndf3 Bd6 5. d4 exd4 6. exd5 cxd5 7. Bb5+ Nc6 8.
Nxd4 Nge7 9. Ngf3 O-O 10. O-O Bg4 11. Be2 Re8 12. Re1 Rc8 13. c3 Qd7 14. Be3
Nf5 15. Nxf5 Bxf5 16. Nd4 Be4 17. Bg4 f5 18. Bh3 Nxd4 19. Bxd4 Rc6 20. f3 Qc7
21. fxe4 Bxh2+ 22. Kh1 Bg3 23. Rf1 fxe4 24. Qh5 Rd8 25. Rf5 Rh6 26. Qg4 1-0

[Event "30ème Open  d'Avoine"]
[Site "Avoine"]
[Date "2015.07.18"]
[Round "2.2"]
[White "Gerard, Nicolas"]
[Black "Maiorov, Nikita"]
[Result "0-1"]
[WhiteElo "2244"]
[BlackElo "2573"]
[PlyCount "50"]
[EventDate "2015.??.??"]
[WhiteTeam "C-E BOIS-COLOMBES"]
[BlackTeam "C.E. STRASBOURG"]

1. d4 Nf6 2. c4 e6 3. Nc3 Bb4 4. f3 d5 5. a3 Be7 6. e4 dxe4 7. fxe4 e5 8. d5
Bc5 9. Bg5 h6 10. Bh4 O-O 11. Nf3 Bg4 12. h3 Bxf3 13. Qxf3 Nbd7 14. O-O-O Be7
15. Bf2 Ne8 16. Kb1 Bc5 17. Bd3 a5 18. g4 Bxf2 19. Qxf2 b6 20. h4 Nc5 21. Qf3
g6 22. Ne2 Nd6 23. Ng3 Kh7 24. Bc2 Nxc4 25. Rdg1 Nd2+ 0-1

[Event "30ème Open  d'Avoine"]
[Site "Avoine"]
[Date "2015.07.18"]
[Round "2.3"]
[White "Nevednichy, Vladislav"]
[Black "Ternault, Mathieu"]
[Result "1-0"]
[WhiteElo "2558"]
[BlackElo "2199"]
[PlyCount "59"]
[EventDate "2015.??.??"]
[WhiteTeam "C-E BOIS-COLOMBES"]
[BlackTeam "C.E. STRASBOURG"]

1. c4 c6 2. e4 d5 3. cxd5 cxd5 4. exd5 Nf6 5. Nc3 Nxd5 6. Nf3 Nc6 7. Bb5 Nxc3
8. bxc3 g6 9. O-O Bg7 10. Re1 O-O 11. Ba3 Re8 12. d4 Bg4 13. h3 Bxf3 14. Qxf3
e6 15. Rab1 Qd5 16. Qxd5 exd5 17. Rxe8+ Rxe8 18. Bc5 h5 19. Kf1 Bh6 20. Rb2 a6
21. Be2 Na5 22. a4 Nc4 23. Bxc4 dxc4 24. g3 b5 25. axb5 axb5 26. Rxb5 Bd2 27.
Rb4 Re1+ 28. Kg2 Rc1 29. d5 Rxc3 30. Rb8+ 1-0

[Event "30ème Open  d'Avoine"]
[Site "Avoine"]
[Date "2015.07.18"]
[Round "2.4"]
[White "Ollier, Milan"]
[Black "Kasparov, Sergey"]
[Result "1/2-1/2"]
[WhiteElo "2193"]
[BlackElo "2497"]
[PlyCount "95"]
[EventDate "2015.??.??"]
[WhiteTeam "C-E BOIS-COLOMBES"]
[BlackTeam "C.E. STRASBOURG"]

1. e4 e6 2. d4 d5 3. exd5 exd5 4. Bd3 Bd6 5. Qf3 c6 6. Ne2 Qf6 7. Qxf6 Nxf6 8.
Bf4 Bxf4 9. Nxf4 O-O 10. O-O Re8 11. Nd2 Nbd7 12. Rfe1 Nf8 13. f3 Bd7 14. Nf1
Rxe1 15. Rxe1 Re8 16. Rxe8 Nxe8 17. Ne3 Nd6 18. Kf2 Ne6 19. Nxe6 Bxe6 20. h4 h6
21. g4 f6 22. b3 Kf8 23. Kg3 g5 24. h5 Ke7 25. c3 b6 26. b4 Kd8 27. Kf2 Ke7 28.
Kg3 Kf8 29. Kf2 Kg7 30. Kg3 Bd7 31. Bf5 Be8 32. Bd3 Bf7 33. Kf2 Kf8 34. Ke2 Be6
35. Kf2 Ke7 36. Kg3 Ne8 37. Bg6 Ng7 38. Bc2 Kd6 39. a4 a5 40. bxa5 bxa5 41. Bf5
Bf7 42. Bc2 c5 43. Nf5+ Nxf5+ 44. Bxf5 Be8 45. Bc2 c4 46. Kh3 Ke7 47. Kg3 f5
48. Kh3 1/2-1/2

[Event "30ème Open  d'Avoine"]
[Site "Avoine"]
[Date "2015.07.18"]
[Round "2.5"]
[White "Inkiov, Ventzislav"]
[Black "Merenciano, Alexandre"]
[Result "1-0"]
[WhiteElo "2434"]
[BlackElo "2188"]
[PlyCount "49"]
[EventDate "2015.??.??"]
[WhiteTeam "C-E BOIS-COLOMBES"]
[BlackTeam "C.E. STRASBOURG"]

1. e4 e6 2. d4 d5 3. e5 c5 4. c3 Nc6 5. Nf3 Bd7 6. Be2 f6 7. O-O fxe5 8. Nxe5
Nxe5 9. dxe5 Qc7 10. c4 Qxe5 11. Nc3 O-O-O 12. Re1 Nf6 13. g3 Ne4 14. Bf4 Qd4
15. Nxe4 dxe4 16. Qb3 Qf6 17. Qa3 e5 18. Be3 Qb6 19. Red1 Be6 20. Rxd8+ Kxd8
21. b4 Qxb4 22. Qxa7 Kc7 23. Rd1 Qb6 24. Qa8 Bd7 25. Bg5 1-0

[Event "30ème Open  d'Avoine"]
[Site "Avoine"]
[Date "2015.07.18"]
[Round "2.6"]
[White "Malassagne, Raphael"]
[Black "Swayams, Mishra"]
[Result "0-1"]
[WhiteElo "2185"]
[BlackElo "2429"]
[PlyCount "32"]
[EventDate "2015.??.??"]
[WhiteTeam "C-E BOIS-COLOMBES"]
[BlackTeam "C.E. STRASBOURG"]

1. g3 d5 2. Bg2 e5 3. c4 d4 4. a3 a5 5. d3 Nf6 6. Nf3 Nc6 7. Qa4 Bd7 8. Qb5 Bd6
9. c5 Be7 10. Bg5 O-O 11. Bxf6 Bxf6 12. Nbd2 Qc8 13. O-O a4 14. b4 Be6 15. Rfc1
Ra6 16. h4 Na7 0-1

[Event "30ème Open  d'Avoine"]
[Site "Avoine"]
[Date "2015.07.18"]
[Round "2.7"]
[White "Godart, Francois"]
[Black "Burille, Matthieu"]
[Result "1/2-1/2"]
[WhiteElo "2426"]
[BlackElo "2154"]
[PlyCount "73"]
[EventDate "2015.??.??"]
[WhiteTeam "C-E BOIS-COLOMBES"]
[BlackTeam "C.E. STRASBOURG"]

1. d4 Nf6 2. c4 e6 3. Nf3 b6 4. a3 Bb7 5. Nc3 d5 6. Bg5 Be7 7. Qa4+ Bc6 8. Qc2
dxc4 9. e3 b5 10. Ne5 a6 11. a4 O-O 12. axb5 axb5 13. Rxa8 Bxa8 14. Nxb5 c5 15.
dxc5 Qa5+ 16. Nc3 Qxc5 17. Bxf6 Bxf6 18. Nxc4 Bxg2 19. Bxg2 Qxc4 20. Be4 Bxc3+
21. bxc3 h6 22. Qd3 Qc7 23. O-O Rd8 24. Qc2 Rc8 25. Rc1 Nd7 26. Bg2 Nf6 27. h3
Qe5 28. Qd3 Rc5 29. Qd8+ Kh7 30. Qd3+ g6 31. Qd4 Kg7 32. Qxe5 Rxe5 33. Kf1 Ra5
34. Rc2 Kf8 35. Ke2 Ke7 36. Rb2 Ra7 37. Rb7+ 1/2-1/2

[Event "30ème Open  d'Avoine"]
[Site "Avoine"]
[Date "2015.07.18"]
[Round "2.8"]
[White "Poignot, Quentin"]
[Black "Dumitrache, Dragos-Nicolae"]
[Result "1/2-1/2"]
[WhiteElo "2170"]
[BlackElo "2423"]
[PlyCount "78"]
[EventDate "2015.??.??"]
[WhiteTeam "C-E BOIS-COLOMBES"]
[BlackTeam "C.E. STRASBOURG"]

1. e4 c5 2. Nf3 e6 3. d4 cxd4 4. Nxd4 Nc6 5. Nc3 Qc7 6. g3 a6 7. Bg2 Nf6 8. O-O
Bc5 9. Nxc6 bxc6 10. Na4 Ba7 11. c4 d6 12. c5 d5 13. Bf4 e5 14. exd5 exf4 15.
Re1+ Kf8 16. d6 Qb7 17. Re7 Bd7 18. Qd4 fxg3 19. hxg3 a5 20. a3 h5 21. b4 h4
22. gxh4 Re8 23. Rae1 Rxe7 24. Rxe7 Rh6 25. Nc3 axb4 26. axb4 Rg6 27. Kh1 Rg4
28. Ne4 Nd5 29. Bh3 Rxh4 30. Rxf7+ Kxf7 31. Ng5+ Kg6 32. Qxh4 Bxh3 33. Nxh3 Qd7
34. Nf4+ Nxf4 35. Qxf4 Bb8 36. Qe4+ Kf7 37. Qf4+ Ke8 38. Qe4+ Kf8 39. Qf3+ Kg8
1/2-1/2

[Event "30ème Open  d'Avoine"]
[Site "Avoine"]
[Date "2015.07.18"]
[Round "2.9"]
[White "Goettelmann, Guillaume"]
[Black "Legky, Nikolay A"]
[Result "0-1"]
[WhiteElo "2143"]
[BlackElo "2420"]
[PlyCount "50"]
[EventDate "2015.??.??"]
[WhiteTeam "C-E BOIS-COLOMBES"]
[BlackTeam "C.E. STRASBOURG"]

1. d4 Nf6 2. c4 e6 3. Nf3 Bb4+ 4. Bd2 Qe7 5. g3 Bxd2+ 6. Qxd2 Nc6 7. Nc3 d5 8.
Ne5 dxc4 9. Nxc6 bxc6 10. Bg2 O-O 11. Bxc6 Rb8 12. O-O e5 13. dxe5 Qxe5 14. Bg2
Qh5 15. Rac1 Be6 16. Rfd1 h6 17. f3 Rfe8 18. e4 Nd7 19. Ne2 Ne5 20. Rc3 Nd3 21.
Nf4 Qc5+ 22. Kf1 Rxb2 23. Rc2 Nxf4 24. Rxb2 c3 25. Qxf4 cxb2 0-1

[Event "30ème Open  d'Avoine"]
[Site "Avoine"]
[Date "2015.07.18"]
[Round "2.10"]
[White "Filip, Lucian"]
[Black "Monpeurt, Cyrielle"]
[Result "1/2-1/2"]
[WhiteElo "2419"]
[BlackElo "2140"]
[PlyCount "132"]
[EventDate "2015.??.??"]
[WhiteTeam "C-E BOIS-COLOMBES"]
[BlackTeam "C.E. STRASBOURG"]

1. Nf3 d5 2. d4 c6 3. c4 Nf6 4. e3 Bg4 5. h3 Bh5 6. g4 Bg6 7. Ne5 Nbd7 8. Nxg6
hxg6 9. Bg2 e6 10. Nd2 Bd6 11. O-O Rc8 12. Re1 Bb8 13. e4 dxe4 14. Nxe4 Nxe4
15. Rxe4 Nf6 16. Re1 Qd6 17. Qb3 O-O 18. Qxb7 Qxd4 19. Qb3 Qb6 20. Qxb6 axb6
21. a4 c5 22. Bd2 Rfd8 23. Bc3 Bf4 24. Red1 Kf8 25. Bb7 Rb8 26. Rxd8+ Rxd8 27.
b4 Rd3 28. Bxf6 gxf6 29. bxc5 bxc5 30. Kg2 Ke7 31. a5 Bb8 32. a6 Ba7 33. Bc6
Rd6 34. Bb5 g5 35. h4 gxh4 36. Rh1 Rd8 37. Rxh4 Rg8 38. Kf3 Rd8 39. Rh7 Rg8 40.
Bc6 Rd8 41. Be4 Rg8 42. Ke3 Rxg4 43. Rh8 f5 44. Bc6 Rxc4 45. Ra8 Bb6 46. Rb8
Rb4 47. Rxb6 Rxb6 48. a7 Ra6 49. a8=Q Rxa8 50. Bxa8 e5 51. Bd5 f6 52. Bb3 Kd6
53. Bc4 Ke7 54. Ba6 Kf7 55. Bc4+ Kg6 56. Be6 Kg5 57. Kf3 Kg6 58. Bc4 Kg5 59.
Be2 Kg6 60. Bf1 Kg5 61. Bb5 Kh4 62. Bd7 Kg5 63. Be6 Kg6 64. Kg3 Kg5 65. f4+
exf4+ 66. Kf3 Kg6 1/2-1/2

[Event "30ème Open  d'Avoine"]
[Site "Avoine"]
[Date "2015.07.18"]
[Round "2.11"]
[White "Cau, Benjamin"]
[Black "Navrotescu, Catalin"]
[Result "1/2-1/2"]
[WhiteElo "2133"]
[BlackElo "2407"]
[PlyCount "52"]
[EventDate "2015.??.??"]
[WhiteTeam "C-E BOIS-COLOMBES"]
[BlackTeam "C.E. STRASBOURG"]

1. e4 e6 2. d4 d5 3. exd5 exd5 4. Bd3 Nc6 5. c3 Bd6 6. Qf3 Be6 7. Ne2 Qd7 8.
Bf4 Nf6 9. Bxd6 Qxd6 10. Qg3 Qe7 11. Nd2 O-O 12. O-O Nh5 13. Qf3 Qg5 14. Qe3
Qxe3 15. fxe3 Ne7 16. e4 Rad8 17. a3 c5 18. e5 Nc6 19. b4 cxd4 20. cxd4 f6 21.
exf6 Nxf6 22. Nb3 Ne4 23. b5 Ne7 24. Nc5 Nxc5 25. dxc5 Bf5 26. Rad1 Be4 {(=)}
1/2-1/2

[Event "30ème Open  d'Avoine"]
[Site "Avoine"]
[Date "2015.07.18"]
[Round "2.12"]
[White "Shirazi, Kamran"]
[Black "Dutreuil, Raphael"]
[Result "1-0"]
[WhiteElo "2399"]
[BlackElo "2130"]
[PlyCount "81"]
[EventDate "2015.??.??"]
[WhiteTeam "C-E BOIS-COLOMBES"]
[BlackTeam "C.E. STRASBOURG"]

1. d4 Nf6 2. Nc3 d5 3. Bg5 e6 4. a3 c5 5. e4 cxd4 6. Qxd4 Be7 7. exd5 Nc6 8.
Bb5 exd5 9. Bxf6 Bxf6 10. Qc5 Bxc3+ 11. Qxc3 O-O 12. Ne2 Qg5 13. h4 Qe5 14.
Qxe5 Nxe5 15. f3 a6 16. Bd3 Re8 17. Kd2 Nc4+ 18. Kc1 Bf5 19. Bxc4 dxc4 20. Nd4
Re5 21. Kd2 Rd8 22. c3 Rde8 23. Rae1 Bd3 24. Rxe5 Rxe5 25. Re1 Rxe1 26. Kxe1
Kf8 27. Kd2 Ke7 28. b4 Kd6 29. Ke3 Ke5 30. g4 f5 31. f4+ Kf6 32. g5+ Kg6 33.
Ne6 Be4 34. h5+ Kxh5 35. Nxg7+ Kg6 36. Ne8 h5 37. gxh6 Kxh6 38. Nd6 Bd5 39.
Nxf5+ Kh5 40. Kd4 Bc6 41. Nd6 1-0

[Event "30ème Open  d'Avoine"]
[Site "Avoine"]
[Date "2015.07.18"]
[Round "2.13"]
[White "Malassagne, Isabelle"]
[Black "Bulmaga, Irina"]
[Result "0-1"]
[WhiteElo "2113"]
[BlackElo "2393"]
[PlyCount "78"]
[EventDate "2015.??.??"]
[WhiteTeam "C-E BOIS-COLOMBES"]
[BlackTeam "C.E. STRASBOURG"]

1. d4 Nf6 2. c4 e6 3. Nf3 b6 4. g3 c6 5. Bg2 d5 6. O-O Bb7 7. Nbd2 Nbd7 8. Qc2
Be7 9. e4 O-O 10. e5 Ne8 11. cxd5 cxd5 12. Re1 Rc8 13. Qa4 Bc6 14. Qd1 Bb5 15.
Nf1 a5 16. h4 Nc7 17. Bg5 a4 18. a3 Na6 19. Ne3 Nab8 20. b3 Nc6 21. bxa4 Ba6
22. Qb1 h6 23. Bxe7 Qxe7 24. Rc1 f6 25. exf6 Qxf6 26. Qb2 Bd3 27. Ng4 Qf5 28.
Nge5 Ncxe5 29. Nxe5 Nxe5 30. dxe5 Rc5 31. a5 Rb5 32. Qd4 bxa5 33. Rc7 Bc4 34.
Re1 Kh8 35. Rc1 Rb3 36. Qc5 Rb2 37. f4 Rfb8 38. Qe7 Qg4 39. Rc3 Rxg2+ 0-1

[Event "30ème Open  d'Avoine"]
[Site "Avoine"]
[Date "2015.07.18"]
[Round "2.14"]
[White "Haub, Thorsten Michael"]
[Black "Julien, Jules-Alois"]
[Result "0-1"]
[WhiteElo "2392"]
[BlackElo "2106"]
[PlyCount "86"]
[EventDate "2015.??.??"]
[WhiteTeam "C-E BOIS-COLOMBES"]
[BlackTeam "C.E. STRASBOURG"]

1. g3 e5 2. Bg2 d5 3. d3 Nc6 4. a3 Be6 5. b4 Qd7 6. Bb2 f6 7. Nd2 g5 8. Ngf3
Nge7 9. h4 g4 10. Nh2 h5 11. Nb3 Ng6 12. d4 exd4 13. Nxd4 Bf7 14. Nxc6 Qxc6 15.
c4 O-O-O 16. Rc1 Bh6 17. e3 Ne5 18. Bxe5 fxe5 19. O-O Qd7 20. cxd5 Bxd5 21.
Bxd5 Qxd5 22. Qc2 Qf7 23. Qc5 Kb8 24. Qxe5 Rhe8 25. Qb2 Rd3 26. Rfd1 Bg7 27.
Qe2 Rxa3 28. Rc2 Ra1 29. Rxa1 Bxa1 30. Nf1 Qe7 31. Qb5 Be5 32. Qa4 c6 33. b5
cxb5 34. Qxb5 a6 35. Qb3 Rd8 36. Rc6 Rd6 37. Rc5 Qe6 38. Qb1 Rc6 39. Ra5 Ka7
40. Qh7 Kb6 41. Ra4 Qb3 42. Re4 Rc1 43. Kg2 Qd1 0-1

[Event "30ème Open  d'Avoine"]
[Site "Avoine"]
[Date "2015.07.18"]
[Round "2.15"]
[White "Colin, Vincent"]
[Black "Amarger, Vincent"]
[Result "1-0"]
[WhiteElo "2382"]
[BlackElo "2082"]
[PlyCount "77"]
[EventDate "2015.??.??"]
[WhiteTeam "C-E BOIS-COLOMBES"]
[BlackTeam "C.E. STRASBOURG"]

1. d4 d6 2. Nf3 Bg4 3. g3 Bxf3 4. exf3 c6 5. Bg2 g6 6. c4 e6 7. O-O Ne7 8. d5
cxd5 9. cxd5 e5 10. Qb3 Qb6 11. Qa4+ Nd7 12. Nc3 Qa6 13. Qxa6 bxa6 14. Re1
O-O-O 15. f4 f6 16. Be3 Kb7 17. fxe5 fxe5 18. a4 Nf5 19. Ne4 Be7 20. b4 Nxe3
21. Rxe3 Rc8 22. Bh3 Rc7 23. Bxd7 Rxd7 24. Rc1 Rc8 25. Rec3 Rxc3 26. Rxc3 Rc7
27. Rxc7+ Kxc7 28. h4 Kd7 29. Kg2 Bd8 30. Kf3 h5 31. Kg2 Bb6 32. f3 Ke7 33. g4
Bd4 34. gxh5 gxh5 35. Ng3 Bc3 36. Nxh5 Bxb4 37. Kh3 Kf7 38. Ng3 Kf6 39. Kg4 1-0

[Event "30ème Open  d'Avoine"]
[Site "Avoine"]
[Date "2015.07.18"]
[Round "2.16"]
[White "Gatineau, Yovann"]
[Black "Milu, Romeo-Sorin"]
[Result "1/2-1/2"]
[WhiteElo "2105"]
[BlackElo "2376"]
[PlyCount "49"]
[EventDate "2015.??.??"]
[WhiteTeam "C-E BOIS-COLOMBES"]
[BlackTeam "C.E. STRASBOURG"]

1. d4 d5 2. c4 e6 3. Nf3 Nf6 4. Nc3 Be7 5. Bf4 O-O 6. e3 b6 7. Bd3 c5 8. cxd5
cxd4 9. Nxd4 Nxd5 10. Bxb8 Nxc3 11. bxc3 Rxb8 12. Nc6 Qc7 13. Nxb8 Qxb8 14. O-O
Qe5 15. Qe2 Bc5 {(=)} 16. Rac1 Bb7 17. Rfd1 Qg5 18. Qf1 a5 19. Kh1 Qe5 20. Be2
Bc6 21. Bb5 Bd5 22. Bc4 Bc6 23. Bb5 Bd5 24. Bc4 Bc6 25. Bb5 1/2-1/2

[Event "30ème Open  d'Avoine"]
[Site "Avoine"]
[Date "2015.07.18"]
[Round "2.17"]
[White "Lazarev, Vladimir"]
[Black "Lukasiewicz, Anna"]
[Result "1-0"]
[WhiteElo "2371"]
[BlackElo "2077"]
[PlyCount "117"]
[EventDate "2015.??.??"]
[WhiteTeam "C-E BOIS-COLOMBES"]
[BlackTeam "C.E. STRASBOURG"]

1. d4 d5 2. c4 e6 3. Nc3 Nf6 4. cxd5 exd5 5. Bg5 Be7 6. e3 c6 7. Bd3 Nbd7 8. h3
O-O 9. Qc2 Re8 10. Nf3 Nf8 11. Bf4 Bd6 12. Bxd6 Qxd6 13. O-O-O b5 14. Kb1 a5
15. Rc1 Be6 16. g4 Rac8 17. Ng5 Bd7 18. Ne2 h6 19. Nf3 Ne4 20. Bxe4 dxe4 21.
Nd2 Be6 22. Nc3 Bd5 23. Ndxe4 Qb8 24. Nxd5 cxd5 25. Nc5 Ne6 26. Qf5 Nxc5 27.
dxc5 Red8 28. Rhd1 Qb7 29. Rd4 b4 30. h4 Qc6 31. g5 Qg6 32. Qxg6 fxg6 33. c6
Rd6 34. Rc5 Rdxc6 35. Rxc6 Rxc6 36. Rxd5 a4 37. Rd4 Rb6 38. Kc2 hxg5 39. hxg5
a3 40. b3 Kf7 41. Kd3 Ke6 42. Kc4 Kf5 43. Rd5+ Ke4 44. Rb5 Rd6 45. Kxb4 Rd2 46.
Kxa3 Rxf2 47. Rb7 Rg2 48. Rxg7 Rxg5 49. Kb4 Kxe3 50. a4 Rg1 51. a5 g5 52. a6
Kf4 53. a7 Ra1 54. Kb5 g4 55. Kb6 g3 56. Rg8 Kf3 57. a8=Q+ Rxa8 58. Rxa8 g2 59.
Rg8 1-0

[Event "30ème Open  d'Avoine"]
[Site "Avoine"]
[Date "2015.07.18"]
[Round "2.18"]
[White "Lebret, Jean-Michel"]
[Black "Ollier, Pablo"]
[Result "1/2-1/2"]
[WhiteElo "2096"]
[BlackElo "2369"]
[PlyCount "154"]
[EventDate "2015.??.??"]
[WhiteTeam "C-E BOIS-COLOMBES"]
[BlackTeam "C.E. STRASBOURG"]

1. e4 e6 2. d4 d5 3. e5 c5 4. c3 Qb6 5. Nf3 Nc6 6. a3 f6 7. Bd3 fxe5 8. dxe5 c4
9. Bc2 Nh6 10. O-O g6 11. Nbd2 Bg7 12. b3 cxb3 13. Bxb3 O-O 14. c4 Ng4 15. cxd5
Ncxe5 16. dxe6 Bxe6 17. Rb1 Bxb3 18. Qxb3+ {(=)} Qxb3 19. Rxb3 b6 20. h3 Nxf3+
21. Nxf3 Nf6 22. Rd3 Rac8 23. Be3 Rfe8 24. Rfd1 Rc2 25. R1d2 Rec8 26. Kf1 Kf8
27. Ng5 Ke7 28. Bf4 R8c3 29. Bd6+ Ke8 30. Bb4 Rxd3 31. Rxd3 Nh5 32. g3 a5 33.
Bd6 h6 34. Ne6 Bb2 35. Nc7+ Kd7 36. Be5+ Kc6 37. Bxb2 Rxb2 38. Rc3+ Kd6 39. a4
Nf6 40. Nb5+ Kd5 41. Nc7+ Kd4 42. Rc6 Ne4 43. Rxg6 Rxf2+ 44. Kg1 Rc2 45. Nb5+
Ke3 46. Re6 Kd3 47. Rxh6 Ra2 48. Rxb6 Ke3 49. Nd6 Nd2 50. Nf5+ Kf3 51. h4 Ra1+
52. Kh2 Nf1+ 53. Kh3 Ne3 54. Nd4+ Ke4 55. g4 Kxd4 56. Kg3 Ra3 57. Ra6 Nd5+ 58.
Kf2 Rxa4 59. h5 Kc5 60. Kf3 Kb5 61. Re6 Rf4+ 62. Kg3 a4 63. Rd6 Kc5 64. Ra6 Rb4
65. h6 Nc3 66. h7 Ne4+ 67. Kh2 Rb2+ 68. Kg1 Rb8 69. g5 Nxg5 70. Ra5+ Kb4 71.
Rxg5 Rh8 72. Rg7 a3 73. Rb7+ Kc3 74. Rc7+ Kb2 75. Rb7+ Kc3 76. Rc7+ Kb2 77.
Rb7+ Kc3 1/2-1/2

[Event "30ème Open  d'Avoine"]
[Site "Avoine"]
[Date "2015.07.18"]
[Round "2.19"]
[White "Delorme, Alban"]
[Black "De Lussac, Rainier"]
[Result "1-0"]
[WhiteElo "2353"]
[BlackElo "2065"]
[PlyCount "67"]
[EventDate "2015.??.??"]
[WhiteTeam "C-E BOIS-COLOMBES"]
[BlackTeam "C.E. STRASBOURG"]

1. e4 c5 2. Nf3 e6 3. b3 Nc6 4. Bb2 d6 5. d4 cxd4 6. Nxd4 Qc7 7. c4 a6 8. Be2
Nf6 9. Nc3 Be7 10. O-O O-O 11. Rc1 Qb8 12. Kh1 Rd8 13. f4 e5 14. Nf5 Bxf5 15.
exf5 Nd4 16. Bd3 b5 17. Ne2 bxc4 18. Nxd4 exd4 19. Rxc4 d5 20. Rxd4 a5 21. Ra4
Qb6 22. Bd4 Bc5 23. Bb1 Ne4 24. Bxc5 Nxc5 25. Rd4 Ne4 26. Rxd5 Nf6 27. Rxd8+
Rxd8 28. Qf3 h5 29. Bd3 Qd4 30. Bc4 Qd2 31. Qf2 Qc3 32. a4 Rd2 33. Qf3 Qb4 34.
Qa8+ 1-0

[Event "30ème Open  d'Avoine"]
[Site "Avoine"]
[Date "2015.07.18"]
[Round "2.20"]
[White "Ginovart, Axel"]
[Black "Bon, Michael"]
[Result "0-1"]
[WhiteElo "2089"]
[BlackElo "2350"]
[PlyCount "72"]
[EventDate "2015.??.??"]
[WhiteTeam "C-E BOIS-COLOMBES"]
[BlackTeam "C.E. STRASBOURG"]

1. e4 c5 2. Nc3 Nc6 3. Bb5 e6 4. Bxc6 bxc6 5. d3 d5 6. Nf3 Nf6 7. O-O Be7 8.
Re1 Nd7 9. Qe2 Ba6 10. b3 Nb6 11. Bb2 O-O 12. Rad1 Qc7 13. Nb1 c4 14. dxc4 dxc4
15. Qe3 c5 16. Be5 Qc6 17. Qf4 Rad8 18. Nc3 f6 19. Qh4 cxb3 20. cxb3 Rxd1 21.
Rxd1 Rd8 22. Rxd8+ Bxd8 23. Bf4 c4 24. b4 Na4 25. Nd4 Qd7 26. Nde2 Nb2 27. Qg3
Nd3 28. a3 Bb7 29. Be3 Bc7 30. Qg4 Ne5 31. Qh5 a6 32. Nd4 g6 33. Qe2 f5 34. Qc2
f4 35. Nd5 exd5 36. Bxf4 dxe4 0-1

[Event "30ème Open  d'Avoine"]
[Site "Avoine"]
[Date "2015.07.18"]
[Round "2.21"]
[White "Lapeyre, Pierre"]
[Black "Payen, Arnaud"]
[Result "0-1"]
[WhiteElo "1996"]
[BlackElo "2329"]
[PlyCount "98"]
[EventDate "2015.??.??"]
[WhiteTeam "C-E BOIS-COLOMBES"]
[BlackTeam "C.E. STRASBOURG"]

1. f4 d5 2. Nf3 g6 3. g3 Bg7 4. Bg2 Nf6 5. O-O c5 6. d3 Nc6 7. c3 Qb6 8. Na3
O-O 9. Kh1 Rd8 10. Qa4 Bd7 11. Qb5 Qxb5 12. Nxb5 a6 13. Na3 Rac8 14. Bd2 Be6
15. Ng5 Bg4 16. Rae1 h6 17. Nf3 b5 18. h3 Be6 19. Nh4 Bd7 20. Nf3 d4 21. c4 Be6
22. b3 Rb8 23. Rb1 b4 24. Nc2 Bd7 25. Rfd1 a5 26. g4 Be8 27. e3 Nd7 28. exd4
cxd4 29. Be1 Nc5 30. Bg3 Rbc8 31. Nce1 a4 32. Nd2 axb3 33. axb3 f5 34. gxf5
gxf5 35. Bf3 Ra8 36. Ra1 Ra5 37. Rxa5 Nxa5 38. Rb1 Bf6 39. Kg1 Rd6 40. Kf1 Kf8
41. Ke2 Re6+ 42. Kd1 Bc6 43. Be2 Naxb3 44. Nxb3 Ba4 45. Bf2 Nxb3 46. Nf3 Nc1+
47. Kxc1 Rxe2 48. Rxb4 Rxf2 49. Rxa4 Rxf3 0-1

[Event "30ème Open  d'Avoine"]
[Site "Avoine"]
[Date "2015.07.18"]
[Round "2.22"]
[White "Kirk, Ezra"]
[Black "Guerlach, Keigo"]
[Result "1-0"]
[WhiteElo "2321"]
[BlackElo "2062"]
[PlyCount "109"]
[EventDate "2015.??.??"]
[WhiteTeam "C-E BOIS-COLOMBES"]
[BlackTeam "C.E. STRASBOURG"]

1. d4 Nf6 2. c4 g6 3. Nc3 Bg7 4. e4 d6 5. Nf3 c5 6. d5 O-O 7. Bd3 e6 8. O-O
exd5 9. exd5 Bg4 10. h3 Bxf3 11. Qxf3 Nfd7 12. Qd1 Re8 13. Ne4 Ne5 14. Bg5 f6
15. Bf4 Nxc4 16. Qb3 Ne5 17. Bxe5 Rxe5 18. f4 Re7 19. f5 g5 20. Nxg5 fxg5 21.
f6 Rc7 22. fxg7 Rxg7 23. Bf5 Nd7 24. Qxb7 Ne5 25. Qb3 g4 26. hxg4 Nxg4 27. Qf3
Ne5 28. Qf4 Kh8 29. Be6 Ng6 30. Qh6 Qb6 31. Rf2 c4 32. Raf1 Rf8 33. Qd2 Rf4 34.
g3 Rxf2 35. Rxf2 Ne5 36. Qf4 Ng6 37. Qf6 Qb8 38. Kh1 a5 39. Rf5 a4 40. a3 Qa8
41. Qd4 Nf8 42. Kh2 Ng6 43. Qxc4 Qb8 44. Qd4 Ne5 45. Qb6 Rb7 46. Qd4 Rxb2+ 47.
Kh3 Rb7 48. Qf4 Ng6 49. Qxa4 Qd8 50. Qd4+ Ne5 51. a4 Rg7 52. Qf2 Ng6 53. a5 Qa8
54. a6 Rc7 55. Rf7 1-0

[Event "30ème Open  d'Avoine"]
[Site "Avoine"]
[Date "2015.07.18"]
[Round "2.23"]
[White "Stephan, Victor"]
[Black "Viers, Emmanuel"]
[Result "1-0"]
[WhiteElo "2302"]
[BlackElo "2012"]
[PlyCount "131"]
[EventDate "2015.??.??"]
[WhiteTeam "C-E BOIS-COLOMBES"]
[BlackTeam "C.E. STRASBOURG"]

1. d4 d5 2. c4 e6 3. Nc3 Nf6 4. cxd5 exd5 5. Bg5 Be7 6. e3 h6 7. Bh4 O-O 8. Bd3
b6 9. Nge2 c5 10. O-O a6 11. dxc5 bxc5 12. Bxf6 Bxf6 13. Nxd5 Bxb2 14. Rb1 Be5
15. Nb6 Ra7 16. Nxc8 Qxc8 17. Qc2 Nd7 18. Rfc1 Qc7 19. f4 Bf6 20. e4 Rb8 21. e5
Be7 22. Bc4 Nb6 23. Qb3 Bf8 24. Nc3 Rbb7 25. Ne4 Qc6 26. Qf3 Kh8 27. Rb3 Nxc4
28. Rxc4 Qd5 29. Qd3 Qxd3 30. Rxd3 Kh7 31. Kf2 Rb2+ 32. Rd2 Rab7 33. Ke3 Rxd2
34. Kxd2 Kg6 35. Kc3 Rc7 36. Ra4 Kf5 37. Nf2 Rc6 38. Nd3 f6 39. Kc4 fxe5 40.
fxe5 Ke6 41. Ra3 g5 42. Rb3 Bg7 43. Rb8 h5 44. Rg8 Kf7 45. Ra8 Ke6 46. a4 Kf5
47. Rg8 Rc7 48. a5 Re7 49. Rc8 Bxe5 50. Rxc5 h4 51. Nxe5 Rxe5 52. Kd4 Rxc5 53.
Kxc5 Kf4 54. Kb6 Ke3 55. Kxa6 Kf2 56. g4 Kg2 57. Kb5 Kxh2 58. a6 Kg1 59. a7 h3
60. a8=Q h2 61. Qa1+ Kg2 62. Qa2+ Kg1 63. Qb1+ Kg2 64. Qe4+ Kg1 65. Qe3+ Kg2
66. Qxg5 1-0

[Event "30ème Open  d'Avoine"]
[Site "Avoine"]
[Date "2015.07.18"]
[Round "2.24"]
[White "Meunier-Pion, Jean"]
[Black "Bouget, Alexandre"]
[Result "1/2-1/2"]
[WhiteElo "1971"]
[BlackElo "2256"]
[PlyCount "115"]
[EventDate "2015.??.??"]
[WhiteTeam "C-E BOIS-COLOMBES"]
[BlackTeam "C.E. STRASBOURG"]

1. e4 c5 2. Nf3 a6 3. c3 e6 4. d4 d5 5. dxc5 Bxc5 6. exd5 Nf6 7. Nbd2 O-O 8.
Nb3 Bb6 9. Bd3 Qxd5 10. Qe2 Rd8 11. Bc4 Qe4 12. O-O Qxe2 13. Bxe2 Nc6 14. Bf4
e5 15. Bg3 e4 16. Nfd2 Be6 17. Kh1 Ba7 18. Rad1 b5 19. Bh4 Re8 20. c4 Bg4 21.
Bxg4 Nxg4 22. cxb5 axb5 23. Nxe4 Rxe4 24. f3 Nxh2 25. fxe4 Nxf1 26. Rxf1 f6 27.
a3 Nd4 28. Nd2 Rc8 29. Rd1 Ne6 30. Nf3 Rc2 31. Rd2 Rxd2 32. Nxd2 Bd4 33. b3 Bc3
34. Nb1 Bb2 35. a4 bxa4 36. bxa4 Nc5 37. a5 Nxe4 38. a6 Bd4 39. Na3 Nd6 40. g4
Kf7 41. Bg3 Nc8 42. Nb5 Ba7 43. Nxa7 Nxa7 44. Bf2 Nc8 45. a7 Nxa7 46. Bxa7 Kg6
47. Be3 {(=)} h5 48. gxh5+ Kxh5 49. Bd4 Kg4 50. Kg2 Kf5 51. Kf3 g5 52. Bxf6 {
(=)} Kxf6 53. Kg4 Kg6 54. Kg3 Kf5 55. Kf3 g4+ 56. Kg3 Kg5 57. Kg2 Kh4 58. Kh2
1/2-1/2

[Event "30ème Open  d'Avoine"]
[Site "Avoine"]
[Date "2015.07.18"]
[Round "2.25"]
[White "Le Borgne, Pierre"]
[Black "Dessenne, Francois"]
[Result "1-0"]
[WhiteElo "2252"]
[BlackElo "1971"]
[PlyCount "73"]
[EventDate "2015.??.??"]
[WhiteTeam "C-E BOIS-COLOMBES"]
[BlackTeam "C.E. STRASBOURG"]

1. e4 Nf6 2. e5 Nd5 3. g3 d6 4. exd6 Qxd6 5. Bg2 c5 6. Nc3 Nxc3 7. bxc3 Nc6 8.
Ne2 e5 9. O-O Be7 10. c4 Bg4 11. h3 Be6 12. d3 Qd7 13. Kh2 h5 14. Rb1 h4 15. g4
O-O 16. Nc3 Rae8 17. g5 g6 18. Ne4 b6 19. Nf6+ Bxf6 20. gxf6 Nd4 21. Bh6 Qd8
22. c3 Nf5 23. Bg5 Kh7 24. Be4 Rh8 25. Rg1 Kg8 26. Qf3 Rh5 27. Qg2 Ng3 28. fxg3
hxg3+ 29. Qxg3 Rxh3+ 30. Qxh3 Bxh3 31. Kxh3 Kh7 32. Kg3 Rh8 33. Rh1+ Kg8 34.
Rxh8+ Kxh8 35. Bxg6 Qd7 36. Rh1+ Kg8 37. Bh7+ 1-0